Выпускная квалификационная работа бакалавра: методы и организация исследований, оформление и защита: учебное пособие

Podrobná bibliografie
Hlavní autor: Беляев В. И. Виктор Иванович
Další autoři: Бутакова М. М. Марина Михайловна, Соколова О. Н. Ольга Николаевна
Shrnutí:Посвящено вопросам подготовки, оформления и защиты выпускной квалификационной работы (ВКР) бакалавра по укрупненной группе направлений подготовки высшего образования «Экономика и управление». Определено место ВКР в образовательной программе подготовки бакалавра. Структурировано в соответствии с логикой написания ВКР: от методологических основ исследования до процедуры защиты.
Jazyk:ruština
Vydáno: Москва, КноРус, 2016
Edice:Бакалавриат
Témata:
Médium: MixedMaterials Kniha
KOHA link:https://koha.lib.tpu.ru/cgi-bin/koha/opac-detail.pl?biblionumber=292870

MARC

LEADER 00000nam0a2200000 4500
001 292870
005 20231102000535.0
010 |a 9785406037690 
035 |a (RuTPU)RU\TPU\book\317522 
090 |a 292870 
100 |a 20150427d2016 m y0rusy50 ca 
101 0 |a rus 
102 |a RU 
105 |a y j 001zy 
200 1 |a Выпускная квалификационная работа бакалавра: методы и организация исследований, оформление и защита  |e учебное пособие  |f В. И. Беляев, М. М. Бутакова, О. Н. Соколова 
210 |a Москва  |c КноРус  |d 2016 
215 |a 160 с. 
225 1 |a Бакалавриат 
320 |a Библиогр.: с. 158-159. 
330 |a Посвящено вопросам подготовки, оформления и защиты выпускной квалификационной работы (ВКР) бакалавра по укрупненной группе направлений подготовки высшего образования «Экономика и управление». Определено место ВКР в образовательной программе подготовки бакалавра. Структурировано в соответствии с логикой написания ВКР: от методологических основ исследования до процедуры защиты. 
606 1 |a Бакалавр  |x Методика подготовки  |2 stltpush  |3 (RuTPU)RU\TPU\subj\73341  |9 86373 
610 1 |a высшее образование 
610 1 |a бакалавры 
610 1 |a выпускные квалификационные работы 
610 1 |a образовательные программы 
610 1 |a научные исследования 
610 1 |a методология 
610 1 |a оформление 
610 1 |a содержание 
610 1 |a защита 
610 1 |a требования 
610 1 |a учебные пособия 
686 |a Ч481.22я73  |v LBC/SL-A  |2 rubbk 
700 1 |a Беляев  |b В. И.  |g Виктор Иванович 
701 1 |a Бутакова  |b М. М.  |g Марина Михайловна 
701 1 |a Соколова  |b О. Н.  |g Ольга Николаевна 
801 1 |a RU  |b 63413507  |c 20150427 
801 2 |a RU  |b 63413507  |c 20220914  |g RCR 
942 |c BK 
959 |a 60/20150427  |d 1  |e 256,00  |f ЧЗГЛ:1